| 000 | 01719nam a2200265 i 4500 | ||
|---|---|---|---|
| 001 | 18359 | ||
| 003 | DO-SdUEMH | ||
| 005 | 20260123180836.0 | ||
| 007 | ta | ||
| 008 | 260123s2024 dr a|||g |||| 00| 0 spa d | ||
| 020 | _a9789945290400 | ||
| 040 |
_aDO-SdUEMH _bspa _erda |
||
| 041 | _aspa | ||
| 082 | 1 | 4 |
_mRD _bV819 |
| 100 | 1 | _eautr | |
| 245 |
_aCómo Cuidar al Paciente Crítico: _bguía de manejo y cuidado a pacientes críticos / _cMaría Virtudes Méndez, MA |
||
| 264 | 1 |
_aSanto Domingo, República Dominicana : _bTNEditores, _c2024 |
|
| 264 | 4 | _c©2024 | |
| 300 |
_a438 páginas : _bilustraciones ; _c27 cm. |
||
| 336 |
_2rdacontent _atexto _btxt |
||
| 337 |
_2rdamedia _asin mediación _bn |
||
| 338 |
_2rdacarrier _avolumen _bnc |
||
| 505 | 2 | _aGeneralidades de la infraestructura de la unidad de cuidados intensivos -- Manejo y cuidado a pacientes con déficit de líquidos y electrolitos -- Manejo y cuidado a pacientes sometidos a ventilación mecánica -- Manejo y cuidado a pacientes diagnosticados con shock y coma ingresados en UCI -- Manejo y cuidado a pacientes con trastornos neuroquirúrgicos ingresados en UCI -- Manejo y cuidado a pacientes con problemas del sistema cardiovascular -- Manejo y cuidado a pacientes con problemas del sistema respiratorio -- Manejo y cuidado a pacientes críticos con trastornos renales -- Manejo y cuidado a pacientes con problemas gastrointestinales y metabólicos en UCI -- Cuidados e intervenciones de enfermería a pacientes críticos con alimentación enteral y parenteral en las unidades de cuidados intensivos -- Intervenciones y cuidado de enfermería que protegen a los pacientes de infecciones asociadas al cuidado de la salud en UCI. | |
| 942 |
_2ddc _cBK _n0 |
||
| 999 |
_c18359 _d18359 |
||